000 00447nmm a2200145Ia 4500
008 251105s9999||||xx |||||||||||||||||und||
041 _aspa
100 _aGarcia, Dani
245 0 _aEn la cocina de mi madre: Recetas y trucos para recordar los sabores de siempre
264 _a[Madrid, España] :
_bEdiciones B,
_c2015
300 _a280 páginas
650 _aCooking
856 _uhttps://public.digitaliapublishing.com/a/53540
942 _cCF
999 _c105620
_d105620